Cazando al seductor = Sex and Death 101 /
Kaydedildi:
| Yazar: | |
|---|---|
| Diğer Yazarlar: | , , |
| Materyal Türü: | |
| Dil: | İngilizce |
| Konular: | |
| Etiketler: |
Etiket eklenmemiş, İlk siz ekleyin!
|
MARC
| LEADER | 00000ngm^a2200000^a^4500 | ||
|---|---|---|---|
| 001 | 000411194 | ||
| 005 | 20250521000000.0 | ||
| 009 | 20260310122106.518 | ||
| 037 | |a Acervo ITESO - Biblioteca | ||
| 041 | |a ING | ||
| 082 | |a 810. |b WAT | ||
| 100 | |a Waters, Daniel |e (realización) | ||
| 240 | 1 | 1 | |a [Cazando al seductor] |
| 245 | 1 | 0 | |a Cazando al seductor = |b Sex and Death 101 / |c Realización de D. Waters. |
| 264 | 2 | |a México : |b Quality Films [distribución], |c 2008, c2008 | |
| 300 | |a 1 DVD regiones 1 y 4 (100 min.) : |b color | ||
| 336 | |a imagen móvil bidimensional |b tdi |2 rdacontenido | ||
| 337 | |a video |b v |2 rdamedio | ||
| 338 | |a videodisco |b vd |2 rdasoporte | ||
| 546 | |a En inglés, con subtítulos opcionales: español | ||
| 546 | |a Doblaje opcional: español | ||
| 649 | |a XX | ||
| 650 | |a Comedias Románticas | ||
| 650 | |a Comedias Cinematográficas | ||
| 650 | |a Cine Norteamericano - |y 2000-2009 | ||
| 650 | |a Cine Norteamericano - |y Siglo XXI | ||
| 650 | |a Erotismo | ||
| 650 | |a Cortejo y Seducción | ||
| 650 | |a Delitos Sexuales | ||
| 700 | |a Wisdom, Robert |e (actuación) | ||
| 700 | |a Sade, Tanc |e (actuación) | ||
| 700 | |a Oswalt, Patton |e (actuación) | ||
| 910 | |a Fondo General | ||
| 920 | |a Audiovisuales - DVDs | ||
| 940 | |a Películas | ||
| 905 | |a 302 | ||
| 901 | |a 0500319668 |b IT2 |c DVS |i D65375 |u 20250521 | ||
| 902 | |a https://opac.biblio.iteso.mx/vufind/Record/000411194 | ||